000 00463nam a2200181Ia 4500
008 230917s9999||||xx |||||||||||||| ||und||
020 _cRS 1895.00
040 _e5004328
_aMAIN
041 _aEnglish
082 _a355.4 K527E
100 _aKhan, W
245 0 _aElectronic warfare
250 _aLatest edition / print ed.
260 _bSumit Enterprises
_c2020
300 _a366 p.
500 _a4158 25/10/2021 RK21/1247 31/10/221 Main Budget
942 _cBK
999 _c3153
_d3153